[Event "Festival Magistrale"]
[Site "Caorle ITA"]
[Date "1989.07.??"]
[Round "4"]
[White "Pasqualin, Giorgio"]
[Black "Romagnoli, Franco"]
[Result "1-0"]
[WhiteElo "2065"]
[BlackElo "1925"]
[PlyCount "91"]
[EventDate "1989.07.01"]

1. c4 Nf6 2. Nf3 d6 3. Nc3 e5 4. g3 Bg4 5. Bg2 c6 6. d3 Be7 7. h3 Bxf3 8. Bxf3
Nbd7 9. O-O O-O 10. Rb1 Ne8 11. b4 f5 12. b5 Qc7 13. bxc6 bxc6 14. Qa4 Rc8 15.
Ba3 Nef6 16. Rb3 Nb6 17. Qa5 Nbd7 18. Qa6 Nb6 19. Bb4 Rfd8 20. Ba5 Nfd7 21. Na4
Nb8 22. Bxb6 Nxa6 23. Bxc7 Rxc7 24. e4 g6 25. Rfb1 Kg7 26. exf5 gxf5 27. Rb7
Rdd7 28. Bxc6 Rxb7 29. Bxb7 Nc5 30. Nxc5 dxc5 31. Bc8 Rxd3 32. Bxf5 Ra3 33. Rb7
Kf6 34. Bb1 Rc3 35. Bxh7 Rxc4 36. Rxa7 Rc1+ 37. Kg2 c4 38. Ra6+ Kg7 39. Re6 Bf6
40. Be4 Ra1 41. Rc6 Bd8 42. Rxc4 Rxa2 43. Rc2 Rxc2 44. Bxc2 Bg5 45. h4 Bd2 46.
g4 1-0

[Event "Festival Magistrale"]
[Site "Caorle ITA"]
[Date "1989.07.??"]
[Round "4"]
[White "Rasidovic, Sead"]
[Black "Raicevic, Ivica"]
[Result "1/2-1/2"]
[WhiteElo "2365"]
[BlackElo "2325"]
[PlyCount "20"]
[EventDate "1989.07.01"]

1. e4 e6 2. d4 d5 3. Nc3 Be7 4. exd5 exd5 5. Bd3 Nf6 6. Nge2 O-O 7. Bf4 b6 8.
Qd2 c5 9. Ng3 Nc6 10. dxc5 bxc5 1/2-1/2

[Event "Festival Magistrale"]
[Site "Caorle ITA"]
[Date "1989.07.??"]
[Round "4"]
[White "Rukavina, Josip"]
[Black "Redo, Nicola"]
[Result "1-0"]
[WhiteElo "2455"]
[BlackElo "1935"]
[PlyCount "61"]
[EventDate "1989.07.01"]

1. Nf3 Nf6 2. c4 g6 3. d4 Bg7 4. g3 O-O 5. Bg2 d6 6. O-O Nc6 7. h3 e5 8. Nc3 h6
9. d5 Ne7 10. c5 Ne8 11. cxd6 cxd6 12. a4 f5 13. Nd2 g5 14. Nc4 Rf7 15. Bd2 Ng6
16. Nb5 Bf8 17. Qb3 g4 18. h4 Nxh4 19. gxh4 f4 20. Nxe5 dxe5 21. d6 Kg7 22. Bc3
Rf5 23. Qd5 Kf6 24. Rad1 a6 25. Qg8 Ng7 26. Nc7 Be6 27. Nxe6 Nxe6 28. Be4 Ng7
29. Qh7 Qd7 30. Rd5 Re8 31. Rfd1 1-0

[Event "Festival Magistrale"]
[Site "Caorle ITA"]
[Date "1989.07.??"]
[Round "4"]
[White "Sgaravatti, Francesco"]
[Black "Bini, Lorenzo"]
[Result "1-0"]
[WhiteElo "2085"]
[BlackElo "1960"]
[PlyCount "95"]
[EventDate "1989.07.01"]

1. e4 b6 2. d4 Bb7 3. Nd2 e6 4. Ngf3 g6 5. Bd3 d6 6. O-O Bg7 7. Re1 Ne7 8. e5
d5 9. c3 c5 10. Nf1 h6 11. h4 Nd7 12. Bf4 Nf8 13. dxc5 bxc5 14. b4 c4 15. Bc2
Nf5 16. g3 Nd7 17. Bxf5 gxf5 18. Nd4 h5 19. Nh2 a5 20. a3 Bf8 21. Nhf3 Be7 22.
Qd2 Nf8 23. Bg5 Bxg5 24. Nxg5 Qd7 25. Nh3 Ng6 26. Nf4 Nxf4 27. Qxf4 Bc6 28. Nc2
Kd8 29. Nd4 Kc7 30. Reb1 axb4 31. axb4 Bb5 32. Qg5 Rhg8 33. Qxh5 Ba4 34. Qh6
Rg6 35. Qe3 Kb7 36. Ne2 Rg4 37. Nf4 d4 38. Qxd4 Qc6 39. b5 Bxb5 40. Rxa8 Kxa8
41. Qd8+ Kb7 42. Qa5 Rxg3+ 43. fxg3 Qc5+ 44. Kf1 Kc6 45. Qxb5+ Qxb5 46. Rxb5
Kxb5 47. Ke2 Kc5 48. h5 1-0

[Event "Festival Magistrale"]
[Site "Caorle ITA"]
[Date "1989.07.??"]
[Round "4"]
[White "Tolnai, Tibor"]
[Black "Riemersma, Liafbern"]
[Result "1-0"]
[WhiteElo "2470"]
[BlackElo "2360"]
[PlyCount "55"]
[EventDate "1989.07.01"]

1. e4 c5 2. Nf3 d6 3. d4 cxd4 4. Nxd4 Nf6 5. Nc3 g6 6. Be3 Bg7 7. f3 O-O 8. Qd2
Nc6 9. Bc4 Bd7 10. h4 Rc8 11. Bb3 Ne5 12. h5 Nxh5 13. O-O-O Nc4 14. Bxc4 Rxc4
15. g4 Nf6 16. Kb1 Qc7 17. Nd5 Nxd5 18. exd5 Rc8 19. Qh2 h5 20. gxh5 Bf5 21.
Nxf5 Rxc2 22. hxg6 Rxh2 23. Rxh2 fxg6 24. Nxg7 Kxg7 25. Rc1 Qd7 26. Bd4+ Kf7
27. Rh7+ Kg8 28. Rxc8+ 1-0

[Event "Festival Magistrale"]
[Site "Caorle ITA"]
[Date "1989.07.??"]
[Round "4"]
[White "Vlajkovic, Slobodan"]
[Black "Csonkics, Tunde"]
[Result "0-1"]
[WhiteElo "2250"]
[BlackElo "2280"]
[PlyCount "72"]
[EventDate "1989.07.01"]

1. c4 Nf6 2. Nc3 e6 3. e4 d5 4. e5 Ne4 5. Nxe4 dxe4 6. Qg4 Nc6 7. Qxe4 Qd7 8.
Nf3 Bc5 9. a3 a5 10. b3 b6 11. Bb2 Bb7 12. Be2 O-O-O 13. Qc2 g5 14. h3 h5 15.
O-O-O Nd4 16. Nxd4 Bxd4 17. Bf3 Bxf3 18. gxf3 Bxb2+ 19. Qxb2 Qd3 20. Qc3 Rd4
21. Rhe1 Qxc3+ 22. dxc3 Rh4 23. Rh1 Rd8 24. Rxd8+ Kxd8 25. Kd2 g4 26. fxg4 hxg4
27. Ke3 gxh3 28. Kf3 h2 29. Kg3 Re4 30. Kf3 Rxe5 31. Rxh2 Re1 32. Rh5 Rc1 33.
Ke4 Rxc3 34. Rb5 Kd7 35. f4 a4 36. c5 Rxb3 0-1

[Event "Festival Magistrale"]
[Site "Caorle ITA"]
[Date "1989.07.??"]
[Round "4"]
[White "Weinberg, Emanuele"]
[Black "Mazzotti, Carlo"]
[Result "0-1"]
[WhiteElo "1900"]
[BlackElo "1944"]
[PlyCount "93"]
[EventDate "1989.07.01"]

1. d4 e6 2. c4 Nf6 3. Nf3 c5 4. d5 exd5 5. cxd5 d6 6. Nc3 g6 7. Nd2 Bg7 8. Nc4
O-O 9. Bf4 Ne8 10. e4 Qe7 11. Qe2 Nd7 12. g3 b6 13. Nb5 Ba6 14. Nbxd6 g5 15.
Nf5 Qf6 16. Nxg7 Bxc4 17. Nxe8 Rfxe8 18. Qxc4 gxf4 19. O-O-O fxg3 20. fxg3 Qf3
21. Bh3 Rxe4 22. Qc2 Ne5 23. Kb1 Re2 24. Qf5 Qxf5+ 25. Bxf5 Nc4 26. Bd3 Rxb2+
27. Ka1 Rb4 28. Bxc4 Rxc4 29. Rd2 Rd8 30. Rhd1 Re4 31. Kb2 Kg7 32. Kc3 Rd6 33.
Rf1 Re5 34. Kc4 a6 35. Rf3 Re4+ 36. Kc3 b5 37. Rdf2 f6 38. Rd2 Rc4+ 39. Kb3 Kg6
40. h3 Rd4 41. Rxd4 cxd4 42. a4 Rxd5 43. Rd3 Kf5 44. axb5 axb5 45. Rf3+ Ke4 46.
Rxf6 d3 47. Kc3 0-1

[Event "Festival Magistrale"]
[Site "Caorle ITA"]
[Date "1989.07.??"]
[Round "4"]
[White "Zupe, Miran"]
[Black "Drasko, Milan"]
[Result "1-0"]
[WhiteElo "2330"]
[BlackElo "2485"]
[PlyCount "83"]
[EventDate "1989.07.01"]

1. d4 Nf6 2. c4 e6 3. Nc3 Bb4 4. e3 b6 5. Nf3 Ne4 6. a3 Bxc3+ 7. bxc3 O-O 8.
Bd3 Bb7 9. Qc2 f5 10. O-O c5 11. Nd2 Nd6 12. e4 Nc6 13. Bb2 Rc8 14. e5 Nf7 15.
f4 cxd4 16. cxd4 Na5 17. Qd1 d5 18. exd6 Nxd6 19. Qe2 Re8 20. Rac1 Ne4 21. Nf3
Rc7 22. Qe3 Ba6 23. Ne5 Qc8 24. d5 Nxc4 25. Nxc4 Bxc4 26. d6 Nxd6 27. Qe5 Qd7
28. Rfd1 Qe7 29. Bb1 Rd7 30. a4 Bd5 31. Ba3 Nc4 32. Rxc4 Qxa3 33. Bxf5 Rf7 34.
Bxh7+ Kxh7 35. Rxd5 exd5 36. Qxe8 Qa1+ 37. Kf2 Qb2+ 38. Kg3 Qb3+ 39. Kh4 Rf6
40. Rc8 Qb1 41. Qh8+ Kg6 42. Qh5# 1-0

[Event "Festival Magistrale"]
[Site "Caorle ITA"]
[Date "1989.07.??"]
[Round "5"]
[White "Anceschi, Vittorio"]
[Black "Pastres, Roberto"]
[Result "1/2-1/2"]
[WhiteElo "2280"]
[BlackElo "2025"]
[PlyCount "69"]
[EventDate "1989.07.01"]

1. e4 e5 2. Nf3 Nc6 3. d4 exd4 4. Nxd4 Bc5 5. Be3 Qf6 6. c3 Nge7 7. g3 d5 8.
Bg2 dxe4 9. Nb5 Bxe3 10. Nxc7+ Kf8 11. fxe3 Rb8 12. Nd5 Qg5 13. Nf4 Bg4 14. O-O
Qxf4 15. gxf4 Bxd1 16. Rxd1 f5 17. Na3 Kf7 18. Bf1 Rhd8 19. Bc4+ Kf6 20. Kf2
Rxd1 21. Rxd1 Rd8 22. Rxd8 Nxd8 23. Nc2 g5 24. fxg5+ Kxg5 25. Kg3 Ndc6 26. Nd4
Ne5 27. Be2 Nd5 28. h4+ Kf6 29. Kf2 h6 30. a3 f4 31. exf4 Nxf4 32. Ke3 Nxe2 33.
Nxe2 Nc4+ 34. Kxe4 Nxb2 35. Nd4 1/2-1/2

[Event "Festival Magistrale"]
[Site "Caorle ITA"]
[Date "1989.07.??"]
[Round "5"]
[White "Barlocco, Carlo"]
[Black "Kajganovic, Miodrag"]
[Result "0-1"]
[WhiteElo "2270"]
[BlackElo "2220"]
[PlyCount "120"]
[EventDate "1989.07.01"]

1. d4 d5 2. Nf3 Nf6 3. e3 c5 4. c3 e6 5. Bd3 Nc6 6. Nbd2 Bd6 7. O-O O-O 8. Qe2
cxd4 9. exd4 Qc7 10. Re1 Re8 11. Ne5 Bxe5 12. dxe5 Nd7 13. Nf3 f5 14. exf6 Nxf6
15. Bg5 e5 16. Bxf6 gxf6 17. c4 dxc4 18. Bxc4+ Kh8 19. Qe4 Qg7 20. Bd5 Bd7 21.
Rad1 Rab8 22. Re3 f5 23. Qh4 f4 24. Rc3 Bf5 25. Ng5 Rf8 26. Bxc6 bxc6 27. b3
Rg8 28. Re1 Qxg5 29. Qxg5 Rxg5 30. Rxe5 Rd8 31. h4 Rh5 32. f3 Rd1+ 33. Kf2 Bg6
34. Rxh5 Bxh5 35. Rxc6 Rd2+ 36. Kg1 Rxa2 37. Rf6 a5 38. Rxf4 Kg7 39. Rf5 Bf7
40. Rb5 Ra3 41. g4 Bxb3 42. Kf2 a4 43. Ra5 Ra1 44. Ra7+ Bf7 45. h5 a3 46. h6+
Kxh6 47. Rxf7 a2 48. Ra7 Rh1 49. Ra6+ Kg7 50. Ra7+ Kf8 51. Ra8+ Ke7 52. Ra7+
Kd6 53. Ra6+ Kc5 54. Ra5+ Kb6 55. Rxa2 Rh2+ 56. Kg3 Rxa2 57. f4 Kc6 58. Kh4 Kd6
59. Kg5 Ke7 60. f5 Kf7 0-1

[Event "Festival Magistrale"]
[Site "Caorle ITA"]
[Date "1989.07.??"]
[Round "5"]
[White "Buzzi, Dario"]
[Black "Csonkics, Tunde"]
[Result "1-0"]
[WhiteElo "1985"]
[BlackElo "2280"]
[PlyCount "63"]
[EventDate "1989.07.01"]

1. e4 c5 2. Nf3 d6 3. d4 cxd4 4. Nxd4 Nf6 5. Nc3 a6 6. Be3 e6 7. Bc4 b5 8. Bb3
Be7 9. O-O O-O 10. f3 Qc7 11. Qd2 Bb7 12. a4 b4 13. Na2 a5 14. c3 bxc3 15. Nxc3
Nc6 16. Ncb5 Qb8 17. Rac1 Nxd4 18. Bxd4 Bd8 19. Rfd1 Ba6 20. Bc4 Bb6 21. Kh1
Nd7 22. Bc3 Nc5 23. Qd4 e5 24. Qxd6 Nxa4 25. Qxb8 Rfxb8 26. Bxe5 Bxb5 27. Bxb5
Bc7 28. Bxc7 Rxb5 29. Rd5 Rb3 30. Rc2 f6 31. Rxa5 Re8 32. h4 {...} 1-0

[Event "Festival Magistrale"]
[Site "Caorle ITA"]
[Date "1989.07.??"]
[Round "5"]
[White "Capece, Adolivio"]
[Black "Karakas-Kertesz, Eva"]
[Result "1-0"]
[WhiteElo "2205"]
[BlackElo "2075"]
[PlyCount "109"]
[EventDate "1989.07.01"]

1. c4 e5 2. Nc3 d6 3. g3 f5 4. Bg2 Nf6 5. d3 Be7 6. b4 O-O 7. Rb1 Kh8 8. Nf3
Qe8 9. Bg5 c6 10. b5 h6 11. bxc6 bxc6 12. Be3 Na6 13. Qa4 Nc7 14. Nh4 d5 15.
cxd5 Nfxd5 16. Nxd5 Nxd5 17. Bxd5 cxd5 18. Qxe8 Rxe8 19. Ng6+ Kh7 20. Nxe5 Bf6
21. Nf3 Ba6 22. Kd2 Bd8 23. Rhc1 Ba5+ 24. Kd1 Bc8 25. Rb5 Bb6 26. Rxd5 Be6 27.
Re5 Bxa2 28. Rxe8 Rxe8 29. Bxb6 axb6 30. Nd4 Rf8 31. Ra1 Bg8 32. Rb1 Rf6 33. f4
g5 34. Rb5 Kg6 35. Nf3 Rd6 36. Ne5+ Kf6 37. Rxb6 Rxb6 38. Nd7+ Ke6 39. Nxb6
gxf4 40. gxf4 Kd6 41. Kd2 Kc5 42. Nd7+ Kd6 43. Nf6 Bf7 44. e4 Bg6 45. e5+ Kc5
46. Ke3 Bf7 47. d4+ Kc6 48. d5+ Kc5 49. e6 Bxe6 50. dxe6 Kd6 51. Ng8 h5 52. e7
Kd7 53. Kd4 h4 54. Ke5 Ke8 55. Ke6 1-0

[Event "Festival Magistrale"]
[Site "Caorle ITA"]
[Date "1989.07.??"]
[Round "5"]
[White "Cardinali, Marco"]
[Black "Gregoratti, Ivaldi"]
[Result "1/2-1/2"]
[WhiteElo "2020"]
[BlackElo "1975"]
[PlyCount "94"]
[EventDate "1989.07.01"]

1. d4 d5 2. Nf3 Nf6 3. g3 Bf5 4. Bg2 e6 5. O-O h6 6. c4 c6 7. Qb3 Qb6 8. Nc3
Nbd7 9. c5 Qxb3 10. axb3 e5 11. Nxe5 Nxe5 12. dxe5 Nd7 13. b4 Nxe5 14. e4 dxe4
15. Nxe4 Nd3 16. Bd2 a6 17. Bc3 O-O-O 18. Rfd1 f6 19. Rd2 Be7 20. Rad1 Ne5 21.
Bxe5 fxe5 22. Nc3 Rxd2 23. Rxd2 Rd8 24. Rxd8+ Kxd8 25. Be4 Be6 26. Kf1 Bg5 27.
Bc2 Bc1 28. b3 Bd2 29. Na2 Bg4 30. Bd3 Bd1 31. Bc4 Ke7 32. h3 e4 33. Bg8 Kf6
34. Bc4 Ke5 35. Bf7 e3 36. fxe3 Bxe3 37. Ke1 Bf3 38. Nc3 Bd4 39. Na4 Bd5 40.
Bxd5 cxd5 41. Ke2 Ke4 42. Kd2 Be5 43. g4 d4 44. Nb6 d3 45. Nc4 Bg3 46. Kc3 Bc7
47. Kd2 Bf4+ 1/2-1/2

[Event "Festival Magistrale"]
[Site "Caorle ITA"]
[Date "1989.07.??"]
[Round "5"]
[White "Cugini, Verter"]
[Black "Cecchetto, Vanni"]
[Result "1-0"]
[WhiteElo "2130"]
[BlackElo "1900"]
[PlyCount "75"]
[EventDate "1989.07.01"]

1. e4 e5 2. Nf3 Nf6 3. Nc3 Bb4 4. d3 Nc6 5. Bg5 d6 6. Be2 Be6 7. O-O h6 8. Bh4
g5 9. Bg3 Qd7 10. a3 Bc5 11. Na4 Bb6 12. Nxb6 axb6 13. c3 O-O-O 14. Qc2 g4 15.
Nh4 d5 16. Rfd1 d4 17. c4 Nh5 18. b4 Nxg3 19. hxg3 Ne7 20. a4 f5 21. exf5 Nxf5
22. Nxf5 Bxf5 23. a5 b5 24. a6 b6 25. c5 Qc6 26. Rdc1 Rd5 27. cxb6 Qxb6 28. Qa2
Rdd8 29. Rc5 Rhe8 30. Qf7 Rf8 31. Qg7 Qd6 32. Bxg4 Bxg4 33. Qxg4+ Qd7 34. Qe4
Qf5 35. Qb7+ Kd7 36. Rxc7+ Ke6 37. Re7+ Kd6 38. Qc7+ 1-0

[Event "Festival Magistrale"]
[Site "Caorle ITA"]
[Date "1989.07.??"]
[Round "5"]
[White "Filipovic, Branko"]
[Black "Miladinovic, Igor"]
[Result "1/2-1/2"]
[WhiteElo "2450"]
[BlackElo "2350"]
[PlyCount "104"]
[EventDate "1989.07.01"]

1. e4 c5 2. c3 d5 3. exd5 Qxd5 4. d4 Nc6 5. Nf3 Nf6 6. Be3 cxd4 7. cxd4 e6 8.
Nc3 Qd6 9. Bc4 Be7 10. O-O O-O 11. Qe2 b6 12. a3 Bb7 13. Rfe1 Rac8 14. Ba2 Nd5
15. Nxd5 exd5 16. Rad1 Bf6 17. Bg5 Bxg5 18. Nxg5 h6 19. Nf3 Rce8 20. Qd3 Bc8
21. h3 g6 22. Qb5 Be6 23. Ne5 Ne7 24. Bb3 Kg7 25. Qa6 Rc8 26. Qe2 Rc7 27. Nf3
Rfc8 28. Qd2 Ng8 29. Qe3 Nf6 30. Qe5 Rd8 31. Rc1 Rb7 32. Re3 Bf5 33. Rec3 Re7
34. Qxd6 Rxd6 35. Ne5 Ne8 36. Ba4 f6 37. Nc6 Re2 38. Nxa7 Bd7 39. Rc7 Nxc7 40.
Rxc7 Kf8 41. Bxd7 Re7 42. Nb5 Rdxd7 43. Rc6 Kg7 44. Rxb6 Re1+ 45. Kh2 Re2 46.
Nc3 Rxf2 47. a4 Rd2 48. a5 Rxd4 49. a6 Rc4 50. Nxd5 Rxd5 51. Rb7+ Kf8 52. a7
Ra5 1/2-1/2

[Event "Festival Magistrale"]
[Site "Caorle ITA"]
[Date "1989.07.??"]
[Round "5"]
[White "Frasson, Giovanni"]
[Black "Capelli, Giorgio"]
[Result "1/2-1/2"]
[WhiteElo "1900"]
[BlackElo "2030"]
[PlyCount "79"]
[EventDate "1989.07.01"]

1. c4 f5 2. d4 Nf6 3. Nc3 e6 4. Nf3 d5 5. e3 c6 6. Be2 Bd6 7. c5 Bc7 8. b4 O-O
9. O-O Ne4 10. Bb2 Qf6 11. Nxe4 fxe4 12. Ne5 Bxe5 13. dxe5 Qg5 14. Qd4 Nd7 15.
f4 exf3 16. Rxf3 Rxf3 17. Bxf3 Nf8 18. Qf4 Qxf4 19. exf4 Bd7 20. h4 Ng6 21. g3
Ne7 22. Bd4 Nf5 23. Bf2 Rf8 24. Kg2 Ne7 25. a4 a6 26. a5 Rf7 27. Rh1 Nc8 28.
Be3 Na7 29. Be2 Kf8 30. h5 Be8 31. h6 g6 32. Rd1 Nc8 33. Rd4 Ne7 34. g4 Bd7 35.
Rd1 Ke8 36. Kg3 Kd8 37. Rf1 Ng8 38. f5 Ne7 39. Bd3 Kc7 40. Bd4 1/2-1/2

[Event "Festival Magistrale"]
[Site "Caorle ITA"]
[Date "1989.07.??"]
[Round "5"]
[White "Guerra, Alessandro"]
[Black "Kosic, Dragan"]
[Result "1-0"]
[WhiteElo "2128"]
[BlackElo "2445"]
[PlyCount "85"]
[EventDate "1989.07.01"]

1. e4 c5 2. Bc4 e6 3. Nc3 Nc6 4. Nf3 Na5 5. Be2 d6 6. d4 cxd4 7. Nxd4 Nc6 8.
Be3 Nf6 9. f4 Be7 10. Bf3 e5 11. Nxc6 bxc6 12. fxe5 dxe5 13. Qxd8+ Bxd8 14. Na4
O-O 15. O-O-O Be6 16. b3 Bb6 17. Bc5 Rfe8 18. Rd6 h6 19. Rhd1 Rab8 20. Rxc6 Bd7
21. Rxf6 Bxa4 22. Rxb6 axb6 23. Bd6 Bc6 24. Bxb8 Rxb8 25. Rd6 Rc8 26. a4 Kf8
27. c4 Ke7 28. Rd2 g6 29. Kb2 Rf8 30. Ka3 f5 31. Re2 Kd6 32. Kb4 f4 33. Rd2+
Kc7 34. c5 Rb8 35. Rd6 bxc5+ 36. Kxc5 Be8 37. Bd1 Bf7 38. b4 h5 39. b5 Rg8 40.
a5 g5 41. a6 g4 42. b6+ Kb8 43. Ba4 1-0

[Event "Festival Magistrale"]
[Site "Caorle ITA"]
[Date "1989.07.??"]
[Round "5"]
[White "Hever, Miklos"]
[Black "Rasidovic, Sead"]
[Result "1/2-1/2"]
[WhiteElo "2295"]
[BlackElo "2365"]
[PlyCount "127"]
[EventDate "1989.07.01"]

1. Nf3 e6 2. c4 f5 3. Nc3 Nf6 4. d4 Bb4 5. Bd2 O-O 6. Qc2 d6 7. h3 Bxc3 8. Bxc3
Ne4 9. e3 Qf6 10. O-O-O Nxc3 11. Qxc3 Nd7 12. Be2 e5 13. dxe5 dxe5 14. g4 fxg4
15. hxg4 e4 16. Nd4 c5 17. Nf5 Qxc3+ 18. bxc3 Re8 19. Nd6 Re7 20. f4 exf3 21.
Bxf3 Nb6 22. Be4 g6 23. g5 Be6 24. Rh4 Nxc4 25. Nxb7 Rc8 26. Bf3 Rcc7 27. Nd8
Nb6 28. Rd2 Bd7 29. Re4 Rxe4 30. Bxe4 Kf8 31. Nb7 Be6 32. Rd8+ Kg7 33. a3 Nc4
34. Nd6 Nxd6 35. Rxd6 Kf7 36. Rd2 Bc4 37. Rf2+ Ke6 38. Rf6+ Ke5 39. Bc2 Bd5 40.
Rf4 c4 41. Rh4 Rf7 42. Kb2 a5 43. Rh2 Rb7+ 44. Kc1 Rf7 45. Kb2 Be6 46. Rh4 Rf2
47. Kc1 Bg8 48. Re4+ Kd6 49. Re8 Bd5 50. Rd8+ Ke6 51. e4 Bc6 52. Rd4 Rf1+ 53.
Kb2 Rg1 54. Rxc4 Kd6 55. e5+ Kd5 56. Rh4 Rg2 57. Kc1 Kxe5 58. Rxh7 Rxg5 59.
Re7+ Kd5 60. Ra7 Kc4 61. Ra6 Rc5 62. Bxg6 Kxc3 63. Bc2 Bd5 64. Bg6 1/2-1/2

[Event "Festival Magistrale"]
[Site "Caorle ITA"]
[Date "1989.07.??"]
[Round "5"]
[White "Jovicic, Milos"]
[Black "Bern, Ivar"]
[Result "0-1"]
[WhiteElo "2350"]
[BlackElo "2355"]
[PlyCount "74"]
[EventDate "1989.07.01"]

1. Nf3 g6 2. c4 Bg7 3. e4 d6 4. d4 Bg4 5. Be2 Nc6 6. Be3 e5 7. d5 Bxf3 8. Bxf3
Nd4 9. Bxd4 exd4 10. Na3 Ne7 11. O-O O-O 12. b4 c5 13. Qb3 b6 14. Rab1 Qd7 15.
Rfe1 Be5 16. Bd1 Kg7 17. Qd3 g5 18. h3 Ng6 19. Bg4 Qe7 20. g3 Rh8 21. bxc5 h5
22. Bf5 dxc5 23. Rb3 h4 24. Bxg6 fxg6 25. g4 Rhf8 26. Qf1 Rf7 27. Rd3 Raf8 28.
Re2 Bg3 29. f3 Qe5 30. Rg2 Bf4 31. Qa1 Kh6 32. Qb2 Bg3 33. Qe2 a6 34. Rb3 Rf6
35. Kh1 Bf4 36. Nc2 Qe8 37. Rg1 37... R8f7 {...} 0-1

[Event "Festival Magistrale"]
[Site "Caorle ITA"]
[Date "1989.07.??"]
[Round "5"]
[White "Lazic, Miroljub"]
[Black "Negro, Roberto"]
[Result "1-0"]
[WhiteElo "2485"]
[BlackElo "1900"]
[PlyCount "69"]
[EventDate "1989.07.01"]

1. d4 Nf6 2. c4 e6 3. Nc3 Bb4 4. a3 Bxc3+ 5. bxc3 c5 6. e3 Nc6 7. Bd3 O-O 8.
Ne2 b6 9. O-O Ba6 10. Ng3 Na5 11. Qe2 Rc8 12. e4 cxd4 13. e5 Ne8 14. Qh5 f5 15.
Bg5 Qc7 16. cxd4 Bxc4 17. Bxc4 Nxc4 18. Rac1 d5 19. exd6 Nexd6 20. Qe2 Qd7 21.
Rc3 b5 22. Re1 Rfe8 23. Bf4 a6 24. h4 Nf7 25. Rd1 Qd5 26. Nh5 a5 27. Rg3 Kh8
28. Rxg7 Qb7 29. Rd3 Rg8 30. Rdg3 Rxg7 31. Rxg7 Rg8 32. Rxg8+ Kxg8 33. Qxe6 Kf8
34. Qxf5 Qc6 35. d5 1-0

[Event "Festival Magistrale"]
[Site "Caorle ITA"]
[Date "1989.07.??"]
[Round "5"]
[White "Leoncini, Mario"]
[Black "Redo, Nicola"]
[Result "1/2-1/2"]
[WhiteElo "2070"]
[BlackElo "1935"]
[PlyCount "65"]
[EventDate "1989.07.01"]

1. e4 c5 2. c3 d5 3. exd5 Qxd5 4. d4 Nf6 5. Nf3 Bg4 6. Be2 e6 7. O-O Be7 8. Na3
O-O 9. h3 Bh5 10. Nb5 Na6 11. c4 Qd8 12. Be3 Qc8 13. Ne5 Bxe2 14. Qxe2 Rd8 15.
Rfd1 Nb4 16. dxc5 Rxd1+ 17. Rxd1 Bxc5 18. Bxc5 Qxc5 19. Nd6 Nxa2 20. Nxb7 Qe7
21. Nd6 Rf8 22. Qe1 Qc7 23. Qe3 Nd5 24. cxd5 Qxd6 25. Nc4 Qa6 26. Qd4 exd5 27.
Qxd5 Nb4 28. Qc5 Qb7 29. Na5 Qb8 30. Rd7 Qe8 31. Qe7 Qxe7 32. Rxe7 a6 33. Rb7
1/2-1/2

[Event "Festival Magistrale"]
[Site "Caorle ITA"]
[Date "1989.07.??"]
[Round "5"]
[White "Lostuzzi, Manlio"]
[Black "Rukavina, Josip"]
[Result "0-1"]
[WhiteElo "2200"]
[BlackElo "2455"]
[PlyCount "122"]
[EventDate "1989.07.01"]

1. e4 Nf6 2. e5 Nd5 3. d4 d6 4. Bc4 Nb6 5. Bb3 dxe5 6. Qh5 g6 7. Qxe5 f6 8. Qe3
Nc6 9. Nf3 Na5 10. O-O Nxb3 11. axb3 Bg7 12. c4 O-O 13. Bd2 Re8 14. Bc3 Nd7 15.
Nbd2 Nf8 16. Rfe1 c6 17. b4 Be6 18. b3 Bf7 19. Ne4 Qc7 20. Nc5 b6 21. Nd3 g5
22. h4 h6 23. g3 Qd7 24. Kg2 Bg6 25. Rad1 Rad8 26. Nc1 Qf5 27. Rd2 Rd7 28. Nh2
Bf7 29. hxg5 hxg5 30. f3 Qg6 31. Nd3 Red8 32. Red1 Ne6 33. Ng4 Nxd4 34. Bxd4
Rxd4 35. Ndf2 Rxd2 36. Rxd2 Rxd2 37. Qxd2 f5 38. Qd8+ Kh7 39. Ne3 Qe6 40. Qd3
Bg6 41. Nh3 Bh6 42. f4 g4 43. Nf2 Kg8 44. c5 b5 45. Kf1 Bf8 46. Ke1 Bh7 47. Kd2
Qc8 48. Qe2 Bg7 49. Nd3 Qe6 50. Nd1 Qxe2+ 51. Kxe2 Kf7 52. Ke3 Ke6 53. Nc1 Kd5
54. Ne2 e5 55. Ndc3+ Ke6 56. fxe5 Kxe5 57. Nf4 Bg8 58. Nce2 Bxb3 59. Nd4 Bd5
60. Nd3+ Kf6 61. Nf4 Bh6 0-1

[Event "Festival Magistrale"]
[Site "Caorle ITA"]
[Date "1989.07.??"]
[Round "5"]
[White "Magari, Roberto"]
[Black "Mambrini, Augusto"]
[Result "1/2-1/2"]
[WhiteElo "1935"]
[BlackElo "1960"]
[PlyCount "38"]
[EventDate "1989.07.01"]

1. e4 e6 2. d4 d5 3. e5 c5 4. c3 Nc6 5. Nf3 Qb6 6. a3 a5 7. Bd3 Bd7 8. Bc2 cxd4
9. cxd4 Nh6 10. O-O Nf5 11. Bxf5 exf5 12. Nc3 Be6 13. Na4 Qb5 14. Be3 Be7 15.
Rc1 O-O 16. Ne1 Rac8 17. Nd3 b6 18. Nc3 Qa6 19. Nf4 Rfd8 1/2-1/2

[Event "Festival Magistrale"]
[Site "Caorle ITA"]
[Date "1989.07.??"]
[Round "5"]
[White "Maksimovic, Suzana"]
[Black "Nagy, Janos"]
[Result "1/2-1/2"]
[WhiteElo "2230"]
[BlackElo "2240"]
[PlyCount "68"]
[EventDate "1989.07.01"]

1. d4 Nf6 2. c4 d6 3. Nc3 g6 4. e4 Bg7 5. Be2 Na6 6. Bg5 h6 7. Be3 c5 8. d5 Nc7
9. Qd2 a6 10. a4 b5 11. axb5 axb5 12. Rxa8 Nxa8 13. cxb5 Ng4 14. Bxg4 Bxg4 15.
Nge2 Nb6 16. b3 Qa8 17. O-O Qa5 18. f3 Bd7 19. Rb1 Qb4 20. Na4 Qxd2 21. Bxd2
Bxb5 22. Nec3 Bd4+ 23. Kh1 Bxa4 24. Nxa4 Nxa4 25. bxa4 O-O 26. g4 Ra8 27. a5 c4
28. Rb4 c3 29. Rxd4 cxd2 30. Rxd2 Rxa5 31. Kg2 Kg7 32. Kg3 g5 33. h4 Kf6 34.
Rb2 Ra3 1/2-1/2

[Event "Festival Magistrale"]
[Site "Caorle ITA"]
[Date "1989.07.??"]
[Round "5"]
[White "Marinelli, Tullio"]
[Black "Pasqualin, Giorgio"]
[Result "1/2-1/2"]
[WhiteElo "2375"]
[BlackElo "2065"]
[PlyCount "46"]
[EventDate "1989.07.01"]

1. d4 Nf6 2. c4 e6 3. Nc3 Bb4 4. Qc2 d5 5. Nf3 dxc4 6. e4 b5 7. a4 c6 8. Bd2
Bxc3 9. bxc3 Nbd7 10. e5 Nd5 11. Ng5 h6 12. Ne4 O-O 13. Nd6 Qb6 14. Rb1 a6 15.
Bxc4 Qc7 16. Bd3 N7b6 17. axb5 cxb5 18. O-O Bd7 19. Rfe1 Rfb8 20. Bh7+ Kf8 21.
Be4 Kg8 22. Bh7+ Kf8 23. Be4 Kg8 1/2-1/2

[Event "Festival Magistrale"]
[Site "Caorle ITA"]
[Date "1989.07.??"]
[Round "5"]
[White "Mazzotti, Carlo"]
[Black "Gaggiottini, Manfredo"]
[Result "1-0"]
[WhiteElo "1944"]
[BlackElo "2030"]
[PlyCount "53"]
[EventDate "1989.07.01"]

1. e4 Nf6 2. e5 Nd5 3. d4 d6 4. Nf3 g6 5. Bc4 Nb6 6. Bb3 a5 7. a4 Bg7 8. Ng5 e6
9. f4 Nc6 10. c3 O-O 11. O-O Ne7 12. Be3 Nbd5 13. Qf3 Bd7 14. Qh3 h6 15. Ne4
Nf5 16. Bd2 Bc6 17. g4 Nfe7 18. c4 dxe5 19. fxe5 Nb6 20. Nf6+ Bxf6 21. exf6
Qxd4+ 22. Be3 Qxb2 23. Ra2 Qe5 24. Qxh6 Nf5 25. Rxf5 Qxe3+ 26. Qxe3 exf5 27.
Qh6 1-0

[Event "Festival Magistrale"]
[Site "Caorle ITA"]
[Date "1989.07.??"]
[Round "5"]
[White "Pagnutti, Lorenzo"]
[Black "Weinberg, Emanuele"]
[Result "0-1"]
[WhiteElo "2115"]
[BlackElo "1900"]
[PlyCount "100"]
[EventDate "1989.07.01"]

1. e4 Nf6 2. e5 Nd5 3. d4 d6 4. c4 Nb6 5. f4 dxe5 6. fxe5 Nc6 7. Be3 Bf5 8. Nc3
e6 9. Nf3 Be7 10. d5 Nb4 11. Rc1 exd5 12. a3 c5 13. axb4 d4 14. bxc5 dxc3 15.
b3 Qxd1+ 16. Rxd1 Nd7 17. b4 a5 18. Ra1 O-O 19. bxa5 Nxc5 20. Nd4 Be4 21. Be2
Bh4+ 22. Kf1 Rfd8 23. Rg1 c2 24. Nxc2 Nb3 25. Ra2 Nd2+ 26. Bxd2 Rxd2 27. Nb4
Rxa2 28. Nxa2 Rxa5 29. g3 Be7 30. Nc3 Ra1+ 31. Bd1 Bc5 32. Nxe4 Rxd1+ 33. Ke2
Rxg1 34. Nxc5 b5 35. cxb5 Rb1 36. e6 fxe6 37. Nxe6 Rxb5 38. Kf3 Kf7 39. Nf4 Kf6
40. h4 g6 41. Ne2 Rb4 42. Nf4 Rb3+ 43. Kg2 Kf5 44. Kh3 Rf3 45. Ne2 Ke4 46. Ng1
Re3 47. Kg2 h6 48. Kf2 Ra3 49. Kg2 Ra2+ 50. Kf1 Ke3 0-1